ARRUPE JESUIT UNIVERSITY

CORONAVIRUS -STOP THE SPREAD - CLEAN,DISINFECT,COVER

Resurrection and the New Testament (Record no. 34011)

MARC details
000 -LEADER
fixed length control field 00473nam a2200193Ia 4500
003 - CONTROL NUMBER IDENTIFIER
control field 0100
008 - FIXED-LENGTH DATA ELEMENTS--GENERAL INFORMATION
fixed length control field 130303s9999 xx 000 0 und d
040 ## - CATALOGING SOURCE
Transcribing agency ARRUPELIB
050 ## - LIBRARY OF CONGRESS CALL NUMBER
Classification number BT481.E881970
100 ## - MAIN ENTRY--PERSONAL NAME
Personal name Evans, C.F
245 ## - TITLE STATEMENT
Title Resurrection and the New Testament
260 ## - PUBLICATION, DISTRIBUTION, ETC. (IMPRINT)
Place of publication, distribution, etc Naperville, Illinois
260 ## - PUBLICATION, DISTRIBUTION, ETC. (IMPRINT)
Name of publisher, distributor, etc Alec R. Allenson Inc
260 ## - PUBLICATION, DISTRIBUTION, ETC. (IMPRINT)
-- 1970
300 ## - PHYSICAL DESCRIPTION
Extent 190p
650 ## - SUBJECT ADDED ENTRY--TOPICAL TERM
Topical term following geographic name as entry element Explorer--Africa
650 ## - SUBJECT ADDED ENTRY--TOPICAL TERM
Location of event Africa--Description and travel
942 00 - ADDED ENTRY ELEMENTS (KOHA)
Koha issues (borrowed), all copies 2
Holdings
Withdrawn status Lost status Source of classification or shelving scheme Damaged status Not for loan Collection code Home library Current library Shelving location Date acquired Total Checkouts Full call number Barcode Date last seen Date checked out Copy number Price effective from Koha item type
    Library of Congress Classification     Main Collection ARRUPE LIBRARY ARRUPE LIBRARY   04/03/2013 2 BT481.E881970 46003050097 01/12/2016 22/06/2015 1 04/03/2013 Monograph ( Printed materials)

 

Arrupe Library. PO Box MP320 Mt Pleasant, Harare, Zimbabwe
263 242 745411|librarian@aju.ac.zw